Canti popolari di carcere e mafia (Record n. 100183)
[ formato base ]
| 000 -LEADER | |
|---|---|
| fixed length control field | 01508njm a2200289Ia 4500 |
| 001 - CONTROL NUMBER | |
| control field | 37689 |
| 003 - CONTROL NUMBER IDENTIFIER | |
| control field | IT-RoPAU |
| 005 - DATE AND TIME OF LATEST TRANSACTION | |
| control field | 20220918181126.0 |
| 008 - FIXED-LENGTH DATA ELEMENTS--GENERAL INFORMATION | |
| fixed length control field | 131025s9999 xx 000 0 und d |
| 040 ## - CATALOGING SOURCE | |
| Original cataloging agency | IT-RoPAU |
| 040 ## - CATALOGING SOURCE | |
| Transcribing agency | IT-RoPAU |
| 041 ## - LANGUAGE CODE | |
| Language code of text/sound track or separate title | ITALIANO |
| 999 ## - SYSTEM CONTROL NUMBERS (KOHA) | |
| Koha Dewey Subclass [OBSOLETE] | n.d. |
| 100 ## - MAIN ENTRY--PERSONAL NAME | |
| Personal name | Anonimo |
| 9 (RLIN) | 883 |
| 100 ## - MAIN ENTRY--PERSONAL NAME | |
| Relator term | Autore musica |
| 9 (RLIN) | 19843 |
| 100 ## - MAIN ENTRY--PERSONAL NAME | |
| Miscellaneous information | Codice autore musica SPICS: 2620 |
| 9 (RLIN) | 885 |
| 245 ## - TITLE STATEMENT | |
| Title | Canti popolari di carcere e mafia |
| 250 ## - EDITION STATEMENT | |
| Edition statement | 1a ed. |
| 260 ## - PUBLICATION, DISTRIBUTION, ETC. (IMPRINT) | |
| Place of publication, distribution, etc. | TORINO |
| 260 ## - PUBLICATION, DISTRIBUTION, ETC. (IMPRINT) | |
| Name of publisher, distributor, etc. | FONIT CETRA |
| Date of publication, distribution, etc. | 1976 [1a Ed.:1976 - Ed. Lingua Orig.: 1976] |
| 300 ## - PHYSICAL DESCRIPTION | |
| Extent | DISCO |
| 300 ## - PHYSICAL DESCRIPTION | |
| Dimensions | 39 minuti (Testo: 2 pag.) |
| 500 ## - GENERAL NOTE | |
| General note | Musica popolare, folk. Canti popolari di carcere e mafia raccolti e presentati da Antonino Uccello |
| 505 ## - FORMATTED CONTENTS NOTE | |
| Formatted contents note | Carceratu cci sugnu intra un tempu - Tutti l'amici mia nfami e carogna - Dumani si discinni la mà liti - Vintitrì anni appena - ...A lu castieddu - M'affacciu ri cancielli - Lu Iurici ri mia vol - E lu quattru cincu e sSsiei - Sentu chiamari mamma - Quannu arristaru a mmia - Poviri carcirati - La sira di lu Iovi m'arristaru - Carcirateddu sugnu e ppi na ronna - Lu carciri di Sciacca bbellu pari - Carciru fabbricatu di petra e gghissu - E ora l'amici mia cuntenti sunu - E Tturiddu ca Iu di ccà taliu - Carciarateddu sugnu pi na ronna - Cu rici ca lu carciru è galera - Sugnu ittatu nna dda Favagnana - U carciaru ri Sciacca è mmuntuvatu |
| 650 ## - SUBJECT ADDED ENTRY--TOPICAL TERM | |
| Topical term or geographic name as entry element | POPOLARE [DISCHI] |
| Relator term | Codice MATERIA SPICS: 9950 |
| 9 (RLIN) | 19844 |
| 942 ## - ADDED ENTRY ELEMENTS (KOHA) | |
| Koha item type | DISCHI |
| Source of classification or shelving scheme | Dewey Decimal Classification |
| Withdrawn status | Lost status | Damaged status | Not for loan | Home library | Current library | Date acquired | Total Checkouts | Full call number | Date last seen | Price effective from | Koha item type | Public note |
|---|---|---|---|---|---|---|---|---|---|---|---|---|
| Buone Condizioni | Not For Loan | SPICS-MEDIATECA | SPICS-MEDIATECA | 25/10/2013 | 37689 | 25/10/2013 | 25/10/2013 | DISCHI | Progr. Ins.: 13599 / N.Vol.: 1 / Copie: 1 - Copia rara: n.d. / date import: 01.01.2014 - By Epidotti, Trombetti, Vaglietti |